000 00710nam a2200289Ia 4500
005 20260324111900.0
008 008 260324s9999 xx 000 0 eng d
020 _a9781003275589
037 _aEBOOK
040 _aCRL
040 _beng
040 _cCRL
041 _2eng
041 _aeng
084 _qCRL
100 _aMingyi Hou
_91140403
245 0 _aLanguage, Celebrity Fandom, and Political Activism in Chinese Media
245 0 _bBattling for Idols Online
260 _bTaylor and Francis
260 _c2025
365 _a
365 _b83.99
856 _uhttp://www.taylorfrancis.com/books/9781003275589
942 _cEBOOK
999 _c1729374
_d1729374